Giftnotrufzentralen in Deutschland - Statistiken

Allgemein
  • Dieses Quiz wurde 29 mal gespielt
  • Das Durchschnittsergebnis liegt bei 5 aus 7
Antwortstatistiken
Bundesländer Giftnotrufzentrale % Korrekt
Bayern München
100%
Berlin, Brandenburg Berlin
95%
Mecklenburg-Vorpommern, Sachsen, Sachsen-Anhalt, Thüringen Erfurt
76%
Hessen, Rheinland-Pfalz, Saarland Mainz
71%
Baden-Württemberg Freiburg
62%
Nordrhein-Westfalen Bonn
52%
Bremen, Hamburg, Niedersachsen, Schleswig-Holstein Göttingen
33%
Keine übereinstimmenden Quizze gefunden
Verteilung der Resultate
Anzahl Personen mit jedem Resultat
Perzentil nach korrekt beantworteten Fragen
Ihre Resultats-Entwicklung
Sie haben dieses Quiz noch nicht gespielt